Meditaciones sobre el Eros cosmogónico: fragmentos
Salvato in:
| Autore principale: | |
|---|---|
| Natura: | Libro |
| Lingua: | spagnolo |
| Pubblicazione: |
Berlín
Cielo Naranja
2011
|
| Soggetti: | |
| Tags: |
Aggiungi Tag
Nessun Tag, puoi essere il primo ad aggiungerne!!
|
MARC
| LEADER | 00000cam a2200000 a 4500 | ||
|---|---|---|---|
| 001 | UCF0768 | ||
| 003 | CL-VaPUC | ||
| 008 | 120607e20110300GW |||||||||||||||||spa|d | ||
| 082 | 0 | 4 | |a 110 |b ROS |2 21 |
| 100 | 0 | |a Ross, Waldo |e author |9 562496 | |
| 245 | 1 | 0 | |a Meditaciones sobre el Eros cosmogónico: fragmentos |
| 300 | |a 21 p | ||
| 942 | |c BK | ||
| 945 | |d 20120607 00:00:00 |a dcastane | ||
| 260 | |a Berlín |b Cielo Naranja |c 2011 | ||
| 650 | 0 | |a Filosofía |9 223554 | |
| 650 | 0 | |a Metafísica |9 265649 | |
| 650 | 0 | |a Racionalismo |9 259116 | |
| 650 | 7 | |a EROS |2 CL-VaPUC |9 562497 | |
| 583 | |a last modification |c 20120607 15:36:00 |k Rodrigo Vera | ||
| 999 | |c 347913 |d 347911 | ||
| 952 | |0 0 |1 0 |4 0 |6 110_000000000000000_ROS_2011 |7 0 |8 A |9 449653 |a BIBEDU |b BIBEDU |d 2019-11-22 |i 4872568 |l 1 |o 110 ROS 2011 |p 4872568 |r 2022-09-09 |s 2022-08-25 |w 2019-11-22 |y BK |k FIL | ||